000 00721cam a2200145 4500500
005 20260208020851.0
041 _afre
042 _adc
100 1 0 _aFrançois-Giappiconi, Catherine
_eauthor
245 0 0 _aBERNARD LAZARE, Figures contemporaines. Ceux d’aujourd’hui, ceux de demain. Édition présentée et annotée par HÉLÈNE MILLOT. Grenoble, ELLUG, Université Stendhal, « Archives critiques », 2002. Un vol. 13,5 × 21,5 de 174 p.
260 _c2003.
500 _a77
786 0 _nRevue d'histoire littéraire de la France | 103 | 1 | 2003-03-01 | p. 193l-239l | 0035-2411
856 4 1 _uhttps://shs.cairn.info/revue-d-histoire-litteraire-de-la-france-2003-1-page-193l?lang=fr&redirect-ssocas=7080
999 _c1661087
_d1661087